[Event "1.Spand. W-Open 2015"]
[Site "Berlin"]
[Date "2015.12.29"]
[Round "4.10"]
[White "Böttcher, Patrick"]
[Black "Vollbrecht, Lars"]
[Result "1/2-1/2"]
[WhiteElo "2164"]
[BlackElo "1880"]
[PlyCount "118"]
[EventDate "2015.??.??"]
[WhiteTeam "SC Zitadelle Spandau 1977 e.V."]
[BlackTeam "SF Siemensstadt"]

1. e4 e5 2. Nf3 Nc6 3. Bb5 Bc5 4. O-O d6 5. c3 Bd7 6. d4 exd4 7. cxd4 Bb6 8.
Nc3 Nge7 9. Re1 O-O 10. Bg5 f6 11. Bc4+ Kh8 12. Be3 Bg4 13. d5 Ne5 14. Be2 Bxe3
15. fxe3 Nxf3+ 16. gxf3 Bh5 17. Kh1 f5 18. f4 Bxe2 19. Qxe2 fxe4 20. Rad1 Qe8
21. Qg2 Nf5 22. Nxe4 Nh4 23. Qc2 h6 24. Ng3 Qd7 25. Rf1 Nf5 26. Nxf5 Rxf5 27.
e4 Rf7 28. Rd3 Raf8 29. Rdf3 Qb5 30. b3 Qe8 31. Qd3 Re7 32. Re1 Qf7 33. Qd4 b6
34. Ref1 Qe8 35. Re1 Qf7 36. Qe3 Rfe8 37. Qd3 Rf8 38. f5 Re5 39. Ref1 Qe8 40.
Rf4 Qe7 41. Rg1 Rf7 42. Rfg4 Qf8 43. Qg3 Ree7 44. Qf4 Rf6 45. R1g3 Rd7 46. a4
a5 47. Rg6 Rxg6 48. Rxg6 Rf7 49. Qh4 Rf6 50. Kg2 Qf7 51. Qg4 Kh7 52. Rxf6 Qxf6
53. Kg3 Qc3+ 54. Qf3 Qe5+ 55. Kh3 Kg8 56. Qg4 Kf8 57. Qf3 Ke7 58. Kg2 Qb2+ 59.
Kg3 Qe5+ 1/2-1/2

[Event "1.Spand. W-Open 2015"]
[Site "Berlin"]
[Date "2015.12.29"]
[Round "4.16"]
[White "Eifler, Stephan"]
[Black "Nürnberger, Thomas"]
[Result "1/2-1/2"]
[WhiteElo "1734"]
[BlackElo "1987"]
[PlyCount "62"]
[EventDate "2015.??.??"]
[WhiteTeam "SV Rochade Potsdam-West e.V."]
[BlackTeam "TSG Markkleeberg"]

1. d4 c5 2. d5 d6 3. Nf3 e5 4. c4 f5 5. Nc3 Nf6 6. Bg5 Be7 7. Bxf6 Bxf6 8. e4
O-O 9. Bd3 fxe4 10. Nxe4 Bg4 11. h3 Qa5+ 12. Qd2 Qxd2+ 13. Nfxd2 Bf5 14. Nxf6+
Rxf6 15. Bxf5 Rxf5 16. Ne4 Na6 17. Nxd6 Rf4 18. f3 Nb4 19. O-O Nc2 20. Rac1 Nd4
21. Rfe1 b6 22. Kh1 Rd8 23. Ne4 h6 24. Nc3 Re8 25. Ne2 Rf5 26. Nxd4 cxd4 27.
Re4 Kf7 28. Kg1 g5 29. Kf2 h5 30. b3 h4 31. Ke2 Ke7 1/2-1/2

[Event "1.Spand. W-Open 2015"]
[Site "Berlin"]
[Date "2015.12.29"]
[Round "6.16"]
[White "Francke, Jörg"]
[Black "Hoffbauer, Jörg"]
[Result "0-1"]
[WhiteElo "1985"]
[BlackElo "1745"]
[PlyCount "76"]
[EventDate "2015.??.??"]
[WhiteTeam "SC Weisse Dame e.V."]
[BlackTeam "Bund(Betriebsschach)"]

1. Nf3 c5 2. g3 g6 3. d4 cxd4 4. Nxd4 Bg7 5. Bg2 Nf6 6. O-O O-O 7. Nd2 e5 8.
N4b3 d5 9. c4 d4 10. Ne4 Nxe4 11. Bxe4 Qc7 12. Bd2 Bh3 13. Re1 Nc6 14. Nc5 a5
15. Qb3 b6 16. Nd3 Rab8 17. Qa4 Ne7 18. c5 bxc5 19. Rac1 Bd7 20. Qa3 Qa7 21.
Nxc5 Bc6 22. b4 Bxe4 23. Nxe4 Qb7 24. bxa5 Qxe4 25. Qxe7 Rb2 26. Bb4 Rxa2 27.
f3 Qe3+ 28. Kf1 d3 29. Bc5 dxe2+ 30. Kg2 Qxc1 31. Kf2 Qc2 32. Qa7 Rc8 33. Be3
Bf8 34. Qa6 Rc6 35. Qb5 Bd6 36. Qd5 Bb4 37. Bh6 Bxe1+ 38. Kg2 Rc8 0-1

[Event "1.Spand. W-Open 2015"]
[Site "Berlin"]
[Date "2015.12.27"]
[Round "2.5"]
[White "Francke, Jörg"]
[Black "Jahnel, Günther"]
[Result "0-1"]
[WhiteElo "1985"]
[BlackElo "2309"]
[PlyCount "129"]
[EventDate "2015.??.??"]
[WhiteTeam "SC Weisse Dame e.V."]
[BlackTeam "FVS ASP Hoyerswerda"]

1. Nf3 g6 2. d4 Bg7 3. Nbd2 Nf6 4. g3 O-O 5. Bg2 d6 6. O-O c5 7. c3 Qc7 8. Re1
Na6 9. b3 Bd7 10. Bb2 Rac8 11. c4 Rfe8 12. a3 Rcd8 13. Qc2 cxd4 14. Nxd4 e5 15.
N4f3 Nc5 16. a4 a5 17. Rac1 Qb6 18. Rb1 Ng4 19. Rf1 Bc6 20. Ng5 Bxg2 21. Kxg2
f5 22. h3 Nf6 23. Bc3 e4 24. b4 axb4 25. Rxb4 Qc6 26. h4 e3+ 27. Ndf3 exf2 28.
Bxf6 Bxf6 29. Rxf2 Bxg5 30. hxg5 Ne4 31. Rf1 Nxg5 32. Rfb1 Nxf3 33. exf3 Re3
34. Rf1 Rde8 35. Rf2 R8e7 36. Qd2 R3e5 37. Rb5 Kf7 38. Qh6 Kg8 39. Qf4 Re2 40.
Qd4 R2e6 41. a5 Re5 42. Rb6 Qc5 43. Rxd6 Qxd4 44. Rxd4 Rxa5 45. Rb2 Kf7 46. Rd6
Rc5 47. Rb4 Ke8 48. Rdb6 Rcc7 49. Kh3 Kd8 50. Kh4 Kc8 51. f4 Re3 52. g4 Re4 53.
Kg5 fxg4 54. Kxg4 Rf7 55. Kg5 Rexf4 56. Ra4 Kc7 57. Rab4 R4f5+ 58. Kg4 Kc8 59.
Re6 Rf1 60. Kg5 Rg1+ 61. Kh6 Rh1+ 62. Kg5 Rh5+ 63. Kg4 Rhf5 64. Kg3 R5f6 65.
Re3 0-1

[Event "1.Spand. W-Open 2015"]
[Site "Berlin"]
[Date "2015.12.29"]
[Round "4.17"]
[White "Francke, Jörg"]
[Black "Kostanyan, Hakob"]
[Result "1-0"]
[WhiteElo "1985"]
[BlackElo "1621"]
[PlyCount "73"]
[EventDate "2015.??.??"]
[WhiteTeam "SC Weisse Dame e.V."]
[BlackTeam "SC Weisse Dame e.V."]

1. Nf3 Nf6 2. d4 g6 3. Nbd2 Bg7 4. e4 d6 5. h3 Nbd7 6. Bc4 O-O 7. O-O c6 8. Re1
e6 9. Bb3 Qe7 10. Nf1 a5 11. c3 e5 12. Bg5 Rd8 13. Qd2 Nf8 14. d5 c5 15. a4 b6
16. Ng3 Qb7 17. Bc4 Bd7 18. Qd3 Rdb8 19. Bb5 Ne8 20. c4 Bxb5 21. cxb5 f6 22.
Be3 Qf7 23. Nd2 Nd7 24. Nc4 Bf8 25. Rad1 Ng7 26. f4 Qe7 27. Bc1 Ne8 28. f5 Ng7
29. Qf3 Qf7 30. Qg4 Be7 31. fxg6 Qe8 32. gxh7+ Kxh7 33. Nf5 Nxf5 34. Qxf5+ Kg7
35. Rd3 Nf8 36. Rg3+ Kh8 37. Bh6 1-0

[Event "1.Spand. W-Open 2015"]
[Site "Berlin"]
[Date "2015.12.29"]
[Round "4.19"]
[White "Gericke, Nicholas"]
[Black "Baumgardt, Uwe"]
[Result "0-1"]
[WhiteElo "1646"]
[BlackElo "2165"]
[PlyCount "130"]
[EventDate "2015.??.??"]
[WhiteTeam "SC Caissa Falkensee e.V."]
[BlackTeam "SC Zitadelle Spandau 1977 e.V."]

1. b3 e5 2. Bb2 Nc6 3. e3 Nge7 4. g3 d5 5. d4 e4 6. Bg2 Be6 7. Ne2 Ng6 8. Nd2
Nce7 9. c4 c6 10. Ba3 h5 11. h4 Qd7 12. Qc2 Bg4 13. Nf1 Qd8 14. Bb2 Nf5 15. Bh3
Bf3 16. Rg1 Nh6 17. Nh2 Bg4 18. Nxg4 hxg4 19. Bf1 a6 20. Nc3 Be7 21. Be2 Nf8
22. a3 Ne6 23. Nxe4 dxe4 24. Qxe4 Nf8 25. Bxg4 f5 26. Bxf5 Qa5+ 27. Ke2 Qxf5
28. Qxf5 Nxf5 29. e4 Nd6 30. f3 Nf7 31. f4 Bxh4 32. gxh4 Rxh4 33. Kf3 Rh2 34.
Rg2 Rxg2 35. Kxg2 Ne6 36. Kf3 g5 37. f5 Nf4 38. d5 Nd3 39. Bf6 Nde5+ 40. Bxe5
Nxe5+ 41. Ke3 cxd5 42. exd5 Kf7 43. Rh1 Re8 44. Kd4 Kf6 45. Rf1 b6 46. b4 Rh8
47. c5 Rh4+ 48. Kc3 bxc5 49. bxc5 Rc4+ 50. Kb3 Rxc5 51. d6 Rd5 52. Kb4 Rxd6 53.
Kc5 Rd3 54. a4 Nf3 55. Rb1 g4 56. Kb6 g3 57. Kxa6 Kxf5 58. Kb5 g2 59. Kb6 Rb3+
60. Rxb3 g1=Q+ 61. Kb7 Qg7+ 62. Kb6 Qd4+ 63. Ka5 Ne5 64. Rb5 Ke6 65. Rb4 Nc6+
0-1

[Event "1.Spand. W-Open 2015"]
[Site "Berlin"]
[Date "2015.12.27"]
[Round "1.20"]
[White "Gerisch, Hans-Dieter"]
[Black "Kötz, Andreas"]
[Result "0-1"]
[WhiteElo "1532"]
[BlackElo "2012"]
[PlyCount "55"]
[EventDate "2015.??.??"]
[WhiteTeam "SV Rochade Potsdam-West e.V."]
[BlackTeam "SC Zitadelle Spandau 1977 e.V."]

1. e4 c5 2. Nf3 Nc6 3. d4 cxd4 4. Nxd4 Nf6 5. Nxc6 bxc6 6. Nc3 e5 7. Bd3 Be7 8.
O-O O-O 9. f4 d6 10. f5 Kh8 11. Kh1 d5 12. Qe1 Bb7 13. Nd1 c5 14. exd5 Qxd5 15.
Ne3 Qc6 16. Be2 Qc7 17. c4 a5 18. Bd2 Rfd8 19. Rd1 Rd4 20. Bc3 a4 21. Bxd4 cxd4
22. Ng4 Re8 23. Nxf6 Bxf6 24. Qg3 Qb6 25. b3 e4 26. Rde1 Qc6 27. Bd1 Be5 28.
Bc2 0-1

[Event "1.Spand. W-Open 2015"]
[Site "Berlin"]
[Date "2015.12.29"]
[Round "4.11"]
[White "Giese, Reinhard"]
[Black "Bongartz, Florian"]
[Result "1-0"]
[WhiteElo "2141"]
[BlackElo "1781"]
[PlyCount "93"]
[EventDate "2015.??.??"]
[WhiteTeam "SC Zitadelle Spandau 1977 e.V."]
[BlackTeam "SC Zitadelle Spandau 1977 e.V."]

1. d4 Nf6 2. c4 Nc6 3. d5 Ne5 4. e4 d6 5. Nc3 Ng6 6. Bd3 e5 7. Nge2 Be7 8. O-O
O-O 9. Ng3 Bd7 10. Nce2 c6 11. h3 h6 12. Be3 Nh7 13. Nf5 Nh4 14. f4 Nxf5 15.
exf5 cxd5 16. cxd5 Qa5 17. Nc3 Nf6 18. Bc2 Bb5 19. Rf2 Bc4 20. fxe5 dxe5 21. d6
Rfd8 22. Rd2 Bf8 23. Qf3 Qb4 24. Ne4 Nd5 25. Bc5 Qxb2 26. Rb1 Qxa2 27. Rxb7 Qa6
28. Rb1 Nf4 29. f6 g6 30. g3 Ne6 31. Be3 Rac8 32. Qd1 Qa3 33. Kf2 Nd4 34. Bxd4
exd4 35. Rxd4 a6 36. h4 Bb5 37. Bb3 Rc6 38. h5 g5 39. Qf3 Bxd6 40. Bxf7+ Kxf7
41. Qxa3 Bxa3 42. Rxd8 Rc2+ 43. Kf3 Bc1 44. Rxb5 axb5 45. Rd7+ Ke6 46. Rd6+ Kf5
47. g4+ 1-0

[Event "1.Spand. W-Open 2015"]
[Site "Berlin"]
[Date "2015.12.29"]
[Round "6.5"]
[White "Giese, Reinhard"]
[Black "Meister, Jakob"]
[Result "1-0"]
[WhiteElo "2141"]
[BlackElo "2445"]
[PlyCount "209"]
[EventDate "2015.??.??"]
[WhiteTeam "SC Zitadelle Spandau 1977 e.V."]
[BlackTeam "SK Zehlendorf e.V."]

1. d4 e6 2. c4 Nf6 3. g3 c5 4. d5 b5 5. Bg2 Bb7 6. e4 bxc4 7. Nc3 d6 8. Nf3
exd5 9. exd5 Be7 10. O-O O-O 11. Nd2 Nbd7 12. Nxc4 Ba6 13. Qa4 Bxc4 14. Qxc4
Rb8 15. Rb1 Rb4 16. Qe2 Re8 17. Be3 Ng4 18. Bf4 Nge5 19. b3 Ng6 20. Be3 Bf6 21.
a3 Rb7 22. Ne4 Qb8 23. Qc2 Be7 24. f4 Nf6 25. Nf2 Bd8 26. Bd2 Bb6 27. Bf3 Ne7
28. Qc4 Nf5 29. Ne4 Bd8 30. Qd3 Nd4 31. Nxf6+ Bxf6 32. Bd1 Qc8 33. g4 Nb5 34.
a4 Bd4+ 35. Kh1 Nc7 36. Bc2 g6 37. Qf3 Rb8 38. f5 Qd7 39. Bf4 Qe7 40. Bd3 g5
41. f6 Bxf6 42. Bd2 Be5 43. Qf5 f6 44. Rf3 Qg7 45. h4 h6 46. Kg2 Bd4 47. Rh3
Re5 48. Qf3 Rbe8 49. b4 cxb4 50. Rxb4 Bb6 51. Rb1 gxh4 52. Rxh4 Be3 53. Bc3 Bg5
54. Bxe5 fxe5 55. Rhh1 Rf8 56. Qe4 Ne8 57. Rhf1 Bf4 58. Qg6 Nf6 59. Qxg7+ Kxg7
60. Rb7+ Rf7 61. Rfb1 e4 62. Rxf7+ Kxf7 63. Bxe4 Be3 64. Kf3 Bb6 65. Rb5 Ng8
66. a5 Bc5 67. Bf5 Ne7 68. Be6+ Kg7 69. Rb8 Ng6 70. Ke4 Ne5 71. Rc8 Nc4 72. a6
Kf6 73. Kd3 Ne5+ 74. Kc3 Be3 75. Kb4 Kg5 76. Kb5 Kf4 77. Rd8 Bc5 78. Rf8+ Ke4
79. Rf6 Be3 80. Bg8 Nxg4 81. Rxd6 h5 82. Re6+ Ne5 83. d6 Kf5 84. Re7 h4 85. Rh7
Bf2 86. d7 Bb6 87. Rh6 Nxd7 88. Rd6 Nf6 89. Be6+ Ke5 90. Rxb6 axb6 91. a7 Kxe6
92. a8=Q Kf5 93. Qf3+ Kg5 94. Kxb6 Nh5 95. Kc5 Nf4 96. Kd6 Kf5 97. Kc5 Ke5 98.
Kc4 h3 99. Kc3 Kf5 100. Kd2 Kg5 101. Ke3 Ng2+ 102. Kf2 Nf4 103. Qg3+ Kf5 104.
Kf3 Ne6 105. Qxh3+ 1-0

[Event "1.Spand. W-Open 2015"]
[Site "Berlin"]
[Date "2015.12.27"]
[Round "2.13"]
[White "Güssow, Pascal"]
[Black "Venske, Kai-Gerrit"]
[Result "0-1"]
[WhiteElo "1838"]
[BlackElo "2145"]
[PlyCount "52"]
[EventDate "2015.??.??"]
[WhiteTeam "Schachclub Rathenow e.V."]
[BlackTeam "SC Weisse Dame e.V."]

1. d4 f5 2. Bg5 g6 3. c4 Nh6 4. Nc3 Nf7 5. Bf4 Bg7 6. Nf3 d6 7. Ng5 Nxg5 8.
Bxg5 Nc6 9. e3 O-O 10. Be2 h6 11. d5 hxg5 12. dxc6 bxc6 13. Qc2 Rb8 14. O-O-O
e5 15. g3 Be6 16. h4 g4 17. e4 Qe7 18. h5 Qg5+ 19. Kb1 gxh5 20. Rh2 fxe4 21.
Nxe4 Qg6 22. b3 Bf5 23. Bd3 d5 24. cxd5 cxd5 25. Nc5 e4 26. Bf1 Qf6 0-1

[Event "1.Spand. W-Open 2015"]
[Site "Berlin"]
[Date "2015.12.29"]
[Round "4.12"]
[White "Güssow, Pascal"]
[Black "Zschäbitz, Klaus"]
[Result "1/2-1/2"]
[WhiteElo "1838"]
[BlackElo "2061"]
[PlyCount "62"]
[EventDate "2015.??.??"]
[WhiteTeam "Schachclub Rathenow e.V."]
[BlackTeam "BSG 1827 Eckbauer e.V."]

1. d4 e6 2. c4 Nf6 3. Nf3 b6 4. g3 Ba6 5. b3 Bb7 6. Bg2 Bb4+ 7. Bd2 c5 8. O-O
Bxd2 9. Nbxd2 cxd4 10. Nxd4 Bxg2 11. Kxg2 O-O 12. e4 Nc6 13. Nxc6 dxc6 14. e5
Nd7 15. Nf3 Qe7 16. Qc2 Rad8 17. Rad1 Nb8 18. Rxd8 Rxd8 19. Rd1 Rxd1 20. Qxd1
h6 21. Qd3 Nd7 22. b4 Nf8 23. a3 c5 24. b5 Qb7 25. Kg1 Qb8 26. h4 Qb7 27. h5
Qd7 28. Ne1 Qxd3 29. Nxd3 Nd7 30. f4 Kf8 31. Kf2 f6 1/2-1/2

[Event "1.Spand. W-Open 2015"]
[Site "Berlin"]
[Date "2015.12.29"]
[Round "5.17"]
[White "Hoffmann, Rainer"]
[Black "Eifler, Stephan"]
[Result "1-0"]
[WhiteElo "2007"]
[BlackElo "1734"]
[PlyCount "55"]
[EventDate "2015.??.??"]
[WhiteTeam "BSC Rehberge 1945 e.V."]
[BlackTeam "SV Rochade Potsdam-West e.V."]

1. e4 c6 2. d4 d5 3. Nd2 dxe4 4. Nxe4 Bf5 5. Ng3 Bg6 6. Nf3 Nd7 7. h4 h6 8. h5
Bh7 9. Bc4 Ngf6 10. Bb3 e6 11. Qe2 Bb4+ 12. c3 Be7 13. Ne5 Nxe5 14. dxe5 Nd5
15. O-O Qc7 16. Re1 O-O-O 17. a3 g5 18. Qg4 Qb6 19. Ba2 Bc5 20. Qf3 Rhf8 21. b4
g4 22. bxc5 Qxc5 23. Qxg4 Rg8 24. Qd4 Qa5 25. Bxd5 Rxd5 26. Qb4 Qd8 27. Qf4 Rd3
28. Be3 1-0

[Event "1.Spand. W-Open 2015"]
[Site "Berlin"]
[Date "2015.12.30"]
[Round "7.6"]
[White "Hoffmann, Rainer"]
[Black "Jahnel, Günther"]
[Result "1-0"]
[WhiteElo "2007"]
[BlackElo "2309"]
[PlyCount "81"]
[EventDate "2015.??.??"]
[WhiteTeam "BSC Rehberge 1945 e.V."]
[BlackTeam "FVS ASP Hoyerswerda"]

1. e4 d6 2. d4 Nf6 3. Nc3 g6 4. h3 Bg7 5. Be3 c6 6. Bd3 e5 7. dxe5 dxe5 8. Qd2
O-O 9. O-O-O b5 10. g4 Qa5 11. Kb1 Be6 12. b3 Qc7 13. f3 a5 14. h4 Rd8 15. Qf2
Nbd7 16. Nh3 a4 17. Ng5 Re8 18. h5 Nf8 19. hxg6 fxg6 20. Rh4 axb3 21. cxb3 Kh8
22. Ne2 Bg8 23. Rdh1 Re7 24. Nc1 Ne6 25. Nxe6 Rxe6 26. Be2 Rf8 27. Qh2 Rfe8 28.
Nd3 Bf8 29. Nc5 Rd6 30. f4 Rdd8 31. f5 gxf5 32. exf5 Bd5 33. Rc1 Ne4 34. Ne6
Rxe6 35. fxe6 b4 36. g5 Nc3+ 37. Rxc3 bxc3 38. Bd3 h6 39. Bd4 Bg7 40. Rxh6+ Kg8
41. Bh7+ 1-0

[Event "1.Spand. W-Open 2015"]
[Site "Berlin"]
[Date "2015.12.28"]
[Round "3.4"]
[White "Jahnel, Günther"]
[Black "Bachmann, Volker"]
[Result "1/2-1/2"]
[WhiteElo "2309"]
[BlackElo "2095"]
[PlyCount "121"]
[EventDate "2015.??.??"]
[WhiteTeam "FVS ASP Hoyerswerda"]
[BlackTeam "SC Empor Potsdam 1952 e.V."]

1. Nf3 Nf6 2. g3 d5 3. Bg2 g6 4. O-O Bg7 5. c4 c6 6. d4 O-O 7. cxd5 cxd5 8. Nc3
Nc6 9. Ne5 e6 10. Bf4 Nh5 11. Nxc6 bxc6 12. Be3 f5 13. Bf3 f4 14. Bc1 e5 15.
dxe5 Bh3 16. g4 Qg5 17. e4 fxe3 18. Bxe3 Nf4 19. Re1 Bxe5 20. Bc5 Rf7 21. Kh1
Bc7 22. Rg1 Qh4 23. Be3 Ne6 24. Rg3 Bxg3 25. hxg3 Qf6 26. Be2 h5 27. gxh5 gxh5
28. Kh2 Bg4 29. Bxg4 hxg4 30. Qxg4+ Rg7 31. Qe2 d4 32. Ne4 Qe5 33. Bd2 Re8 34.
Re1 Rh7+ 35. Kg2 Qd5 36. f3 Kh8 37. Nf6 Nf4+ 38. Bxf4 Rxe2+ 39. Rxe2 Qb5 40.
Re8+ Kg7 41. Nxh7 Qxb2+ 42. Kh3 Kxh7 43. Re7+ Kg8 44. Rxa7 d3 45. Rd7 Qe2 46.
Kh4 c5 47. Kg5 Qe6 48. Rxd3 Qe7+ 49. Kg4 c4 50. Rd1 c3 51. Rc1 Qe6+ 52. Kh4
Qf6+ 53. Kh3 Qf5+ 54. Kg2 Qd3 55. Kf2 c2 56. a4 Qd4+ 57. Ke2 Qxa4 58. Kd2 Qd4+
59. Kxc2 Qf2+ 60. Kd3 Qxf3+ 61. Kd4 1/2-1/2

[Event "1.Spand. W-Open 2015"]
[Site "Berlin"]
[Date "2015.12.27"]
[Round "1.5"]
[White "Jahnel, Günther"]
[Black "Köckeritz, Dieter"]
[Result "1-0"]
[WhiteElo "2309"]
[BlackElo "1676"]
[PlyCount "61"]
[EventDate "2015.??.??"]
[WhiteTeam "FVS ASP Hoyerswerda"]
[BlackTeam "BSG 1827 Eckbauer e.V."]

1. d4 Nf6 2. c4 c6 3. Nf3 e6 4. Nc3 d6 5. Bg5 Be7 6. Qc2 Nbd7 7. e4 Qc7 8. Be2
e5 9. h3 h6 10. Be3 exd4 11. Nxd4 Ne5 12. f4 Ng6 13. O-O O-O 14. Nf5 Bxf5 15.
exf5 Nh8 16. Bf3 Rad8 17. Rad1 Qa5 18. Bd4 d5 19. cxd5 Nxd5 20. Nxd5 cxd5 21.
Rfe1 Rc8 22. Qf2 Bc5 23. Bxc5 Rxc5 24. Re5 Rd8 25. a3 Qc7 26. Bxd5 Rc2 27. Qd4
Kh7 28. f6 Ng6 29. fxg7 Nxe5 30. Be4+ Ng6 31. Qxd8 1-0

[Event "1.Spand. W-Open 2015"]
[Site "Berlin"]
[Date "2015.12.29"]
[Round "6.7"]
[White "Jahnel, Günther"]
[Black "Kötz, Andreas"]
[Result "1/2-1/2"]
[WhiteElo "2309"]
[BlackElo "2012"]
[PlyCount "69"]
[EventDate "2015.??.??"]
[WhiteTeam "FVS ASP Hoyerswerda"]
[BlackTeam "SC Zitadelle Spandau 1977 e.V."]

1. d4 Nf6 2. c4 g6 3. Nc3 Bg7 4. Nf3 d6 5. e4 O-O 6. Be2 e5 7. O-O Nc6 8. Be3
Ng4 9. Bg5 f6 10. Bh4 Nh6 11. dxe5 Nxe5 12. Nd5 g5 13. Bg3 Nxf3+ 14. Bxf3 f5
15. exf5 Nxf5 16. Be4 c6 17. Nc3 Nxg3 18. hxg3 Bxc3 19. bxc3 Bf5 20. Re1 Qf6
21. Qd2 Rad8 22. Bxf5 Qxf5 23. Re7 Rf7 24. Rae1 Rdf8 25. R1e2 Qc5 26. R7e6 Rf6
27. Rxf6 Rxf6 28. Re7 Rf7 29. Re6 Kg7 30. Rxd6 Rxf2 31. Qxf2 Qxd6 32. Qxa7 Qd1+
33. Kh2 Qh5+ 34. Kg1 Qd1+ 35. Kh2 1/2-1/2

[Event "1.Spand. W-Open 2015"]
[Site "Berlin"]
[Date "2015.12.29"]
[Round "5.2"]
[White "Jahnel, Günther"]
[Black "Malek, Daniel"]
[Result "0-1"]
[WhiteElo "2309"]
[BlackElo "2424"]
[PlyCount "71"]
[EventDate "2015.??.??"]
[WhiteTeam "FVS ASP Hoyerswerda"]
[BlackTeam "SK Zehlendorf e.V."]

1. d4 Nf6 2. c4 e6 3. Nc3 Bb4 4. Nf3 c5 5. e3 Nc6 6. Bd3 Bxc3+ 7. bxc3 d6 8.
O-O e5 9. Ng5 O-O 10. f4 exd4 11. cxd4 cxd4 12. exd4 h6 13. Ne4 Bf5 14. Ng3
Bxd3 15. Qxd3 d5 16. c5 Na5 17. Rb1 b6 18. f5 Nc4 19. Bf4 Qc8 20. cxb6 axb6 21.
Rf2 Re8 22. h3 Ra3 23. Rb3 Re1+ 24. Kh2 Qd8 25. Qf3 Ra7 26. Nh5 Nxh5 27. Qxh5
Qf6 28. Rg3 Kh7 29. Bg5 Qxd4 30. Rgf3 Qa1 31. Bf4 Rh1+ 32. Kg3 Qf6 33. Rd3 Nd6
34. Bxd6 Qxd6+ 35. Kf3 Ra4 36. g3 0-1

[Event "1.Spand. W-Open 2015"]
[Site "Berlin"]
[Date "2015.12.27"]
[Round "1.12"]
[White "Kostanyan, Hakob"]
[Black "Böttcher, Patrick"]
[Result "0-1"]
[WhiteElo "1621"]
[BlackElo "2164"]
[PlyCount "68"]
[EventDate "2015.??.??"]
[WhiteTeam "SC Weisse Dame e.V."]
[BlackTeam "SC Zitadelle Spandau 1977 e.V."]

1. e4 c5 2. Nf3 d6 3. d4 cxd4 4. Nxd4 Nf6 5. Nc3 a6 6. Be2 e6 7. Be3 Be7 8. Qd2
Qc7 9. f3 Nc6 10. Nb3 b5 11. O-O-O b4 12. Na4 Rb8 13. Bf4 e5 14. Be3 Bd7 15.
Bxa6 Nd4 16. Nxd4 exd4 17. Bxd4 Bxa4 18. b3 Qa5 19. Bc4 Bc6 20. Kb2 Qa3+ 21.
Kb1 Ra8 22. c3 bxc3 23. Bxc3 O-O 24. Rhe1 Rfd8 25. Bb4 Qa7 26. Re2 Nd7 27. Bxd6
Ne5 28. Qc2 Rxd6 29. Rxd6 Bxd6 30. f4 Nxc4 31. Qxc4 Qg1+ 32. Kb2 Ba3+ 33. Kc3
Qc1+ 34. Rc2 Qe3+ 0-1

[Event "1.Spand. W-Open 2015"]
[Site "Berlin"]
[Date "2015.12.28"]
[Round "3.18"]
[White "Kostanyan, Hakob"]
[Black "Warnke, Klaus"]
[Result "1-0"]
[WhiteElo "1621"]
[BlackElo "1700"]
[PlyCount "81"]
[EventDate "2015.??.??"]
[WhiteTeam "SC Weisse Dame e.V."]
[BlackTeam "Ohtmisser SV"]

1. e4 d5 2. exd5 Qxd5 3. Nf3 Nf6 4. d4 Bg4 5. Be2 e6 6. c4 Qh5 7. Nc3 c6 8. h3
Nbd7 9. Bf4 Be7 10. Qb3 Nb6 11. O-O-O Bxf3 12. Bxf3 Qf5 13. Bh2 O-O 14. h4 Ng4
15. Bg3 Rfd8 16. Rhe1 Rd7 17. Re4 Nf6 18. Re5 Qg6 19. c5 Nbd5 20. Nxd5 Nxd5 21.
Bxd5 cxd5 22. Qe3 b6 23. b4 bxc5 24. dxc5 Bf6 25. h5 Qg4 26. Rd4 Qxd4 27. Qxd4
Bxe5 28. Qxe5 Rb7 29. Qc3 a5 30. Qa3 Rxb4 31. Be5 f6 32. Bd6 e5 33. Kd2 e4 34.
c6 Rd4+ 35. Ke2 Kf7 36. Qc5 Rd3 37. c7 Rc8 38. Qc6 Ke6 39. Bc5+ Ke5 40. Qd6+
Kf5 41. Qd7+ 1-0

[Event "1.Spand. W-Open 2015"]
[Site "Berlin"]
[Date "2015.12.28"]
[Round "3.13"]
[White "Kötz, Andreas"]
[Black "Lubanski, Jacob"]
[Result "1-0"]
[WhiteElo "2012"]
[BlackElo "1188"]
[PlyCount "51"]
[EventDate "2015.??.??"]
[WhiteTeam "SC Zitadelle Spandau 1977 e.V."]
[BlackTeam "SC Caissa Falkensee e.V."]

1. d4 g6 2. Nf3 Bg7 3. c4 d6 4. h3 Nd7 5. Nc3 c5 6. e3 b6 7. Be2 e6 8. Nb5 Ndf6
9. dxc5 dxc5 10. Qxd8+ Kxd8 11. Ne5 Ke7 12. Bf3 Nd7 13. Nxd7 Bxd7 14. Bxa8 Bxb5
15. cxb5 Nf6 16. Bc6 Rc8 17. Bd2 Rc7 18. Bc3 a6 19. a4 Kf8 20. Ke2 a5 21. Rhd1
Kg8 22. Rd8+ Bf8 23. Bxf6 h6 24. Rad1 g5 25. Rxf8+ Kh7 26. Be4# 1-0

[Event "1.Spand. W-Open 2015"]
[Site "Berlin"]
[Date "2015.12.27"]
[Round "2.1"]
[White "Kötz, Andreas"]
[Black "Meister, Jakob"]
[Result "0-1"]
[WhiteElo "2012"]
[BlackElo "2445"]
[PlyCount "112"]
[EventDate "2015.??.??"]
[WhiteTeam "SC Zitadelle Spandau 1977 e.V."]
[BlackTeam "SK Zehlendorf e.V."]

1. d4 e6 2. c4 c5 3. Nf3 cxd4 4. Nxd4 Nc6 5. Nc2 Nf6 6. Nc3 Bc5 7. e4 Qb6 8.
Qe2 d6 9. g3 Nd4 10. Nxd4 Bxd4 11. Bg2 Bxc3+ 12. bxc3 Bd7 13. O-O Bc6 14. Rd1
Qc7 15. Ba3 O-O-O 16. Rd2 Rd7 17. f4 Rhd8 18. Rad1 Kb8 19. Kh1 Ne8 20. h3 f5
21. e5 Bxg2+ 22. Kxg2 dxe5 23. fxe5 Rxd2 24. Rxd2 Rxd2 25. Qxd2 Kc8 26. Qd4 Qa5
27. Bc5 Qxa2+ 28. Kf3 b6 29. Be7 Qa4 30. Qd8+ Kb7 31. Bd6 Qc6+ 32. Kf2 Qc8 33.
Qe7+ Kc6 34. c5 Qd7 35. cxb6 Qxe7 36. Bxe7 Kxb6 37. c4 Nc7 38. Ke3 Kc6 39. h4
Na8 40. Kd4 Nb6 41. Bb4 Nd7 42. Bd6 g6 43. Bb4 Kb6 44. Be7 a5 45. Bd8+ Ka6 46.
c5 Kb5 47. c6 Kxc6 48. Bxa5 Nc5 49. Bb4 Ne4 50. g4 Kb5 51. Be1 Nc5 52. gxf5
gxf5 53. h5 Ne4 54. Bh4 Kc6 55. Ke3 Kd7 56. Kf4 Ke8 0-1

[Event "1.Spand. W-Open 2015"]
[Site "Berlin"]
[Date "2015.12.27"]
[Round "1.2"]
[White "Lawatsch, Michael"]
[Black "Malek, Daniel"]
[Result "0-1"]
[WhiteElo "1700"]
[BlackElo "2424"]
[PlyCount "60"]
[EventDate "2015.??.??"]
[WhiteTeam "SC Zitadelle Spandau 1977 e.V."]
[BlackTeam "SK Zehlendorf e.V."]

1. f4 d5 2. Nf3 g6 3. e3 Bg7 4. g3 c5 5. Bg2 Nf6 6. O-O b5 7. d3 Bb7 8. Nbd2
O-O 9. Ne5 Nbd7 10. Ndf3 Qc7 11. Rb1 Ne8 12. Nxd7 Qxd7 13. b3 Nd6 14. Bb2 Bxb2
15. Rxb2 Nf5 16. Qe1 d4 17. Ne5 Qc7 18. Bxb7 Qxb7 19. exd4 cxd4 20. Qe4 Qxe4
21. dxe4 Ne3 22. Rc1 Rac8 23. Nd3 Rc3 24. Kf2 Rfc8 25. Ne1 Ng4+ 26. Kg1 d3 27.
Rd1 dxc2 28. Rc1 Ne3 29. e5 Rd8 30. Nxc2 Rdc8 0-1

[Event "1.Spand. W-Open 2015"]
[Site "Berlin"]
[Date "2015.12.28"]
[Round "3.14"]
[White "Lawatsch, Michael"]
[Black "Oelmann, Henry"]
[Result "0-1"]
[WhiteElo "1700"]
[BlackElo "2002"]
[PlyCount "118"]
[EventDate "2015.??.??"]
[WhiteTeam "SC Zitadelle Spandau 1977 e.V."]
[BlackTeam "Schachclub Oranienburg e.V."]

1. f4 d5 2. Nf3 c5 3. e3 g6 4. Bb5+ Bd7 5. Bxd7+ Nxd7 6. Nc3 Ngf6 7. b3 Bg7 8.
Bb2 O-O 9. O-O a6 10. Ne2 Nb6 11. Qe1 Rc8 12. Qh4 h6 13. Bxf6 exf6 14. c3 Re8
15. Rae1 Qe7 16. Ng3 a5 17. f5 c4 18. fxg6 fxg6 19. Qg4 Qf7 20. Nh4 Kh7 21. Ne2
f5 22. Qh3 Re4 23. Ng3 Re6 24. Ngxf5 gxf5 25. Nxf5 Qd7 26. Nxg7 Kxg7 27. Qg4+
Rg6 28. Qd4+ Kh7 29. Rf2 Rcg8 30. Ref1 R8g7 31. Qe5 Qe6 32. Qf4 Nd7 33. bxc4
dxc4 34. Qh4 b5 35. g3 Ne5 36. Rf5 Rf7 37. Rxf7+ Nxf7 38. Qf4 Ng5 39. Qc7+ Rg7
40. Qc5 Qe4 41. Qf5+ Qxf5 42. Rxf5 Rb7 43. h4 Ne4 44. Re5 Nxg3 45. Kf2 Ne4+ 46.
Kf3 Nf6 47. Re6 Kg7 48. Kf4 b4 49. cxb4 axb4 50. Ra6 b3 51. axb3 cxb3 52. Ra1
b2 53. Rb1 Kg6 54. e4 Rb4 55. d3 Nd5+ 56. Ke5 Nc3 57. Rg1+ Kf7 58. Rf1+ Ke7 59.
Rg1 b1=Q 0-1

[Event "1.Spand. W-Open 2015"]
[Site "Berlin"]
[Date "2015.12.28"]
[Round "3.20"]
[White "Leyrer, Edgar"]
[Black "Kraus, Tanja"]
[Result "1/2-1/2"]
[WhiteElo "1598"]
[BlackElo "1901"]
[PlyCount "28"]
[EventDate "2015.??.??"]
[WhiteTeam "SV Königsjäger Süd-West e.V."]
[BlackTeam "Schachverein Wattenscheid 1930"]

1. d4 c5 2. d5 d6 3. c4 e5 4. e4 Be7 5. Nc3 Bg5 6. Nf3 Bxc1 7. Qxc1 Nf6 8. Bd3
a6 9. a4 a5 10. b3 Na6 11. Na2 O-O 12. O-O Bg4 13. Qe3 Qd7 14. Be2 Bh5 1/2-1/2